Retail potential of districts of Istanbul (Record no. 78017)
[ view plain ]
| 000 -LEADER | |
|---|---|
| fixed length control field | 01024cab a22002175a 4500 |
| 001 - CONTROL NUMBER | |
| control field | L135822 |
| 008 - FIXED-LENGTH DATA ELEMENTS--GENERAL INFORMATION | |
| fixed length control field | 061212s2006 xxk f 000 0 eng d |
| 035 ## - SYSTEM CONTROL NUMBER | |
| System control number | (Sirsi) u135822 |
| 041 0# - LANGUAGE CODE | |
| Language code of text/sound track or separate title | eng |
| 100 1# - MAIN ENTRY--PERSONAL NAME | |
| Personal name | Terzi, Fatih |
| 245 00 - TITLE STATEMENT | |
| Title | Retail potential of districts of Istanbul |
| 260 ## - PUBLICATION, DISTRIBUTION, ETC. | |
| Date of publication, distribution, etc. | 2006 |
| 490 #0 - SERIES STATEMENT | |
| Series statement | Journal of Retail and Leisure Property |
| Volume/sequential designation | 5(4) 2006, 314-325(12) |
| 520 ## - SUMMARY, ETC. | |
| Summary, etc. | After the 1980s, globalisation and economic restructuring have encouraged the growth of shopping centres in Istanbul. As the numbers of shopping centres have increased, the retail market has become more competitive, resulting in the need to investigate the potential of other locations for the development of shopping centres. Paper uses a gravity model to determine the retail potential of remaining districts in the city that do not have shopping centres. |
| 590 ## - LOCAL NOTE (RLIN) | |
| Local note | KA |
| 651 #4 - SUBJECT ADDED ENTRY--GEOGRAPHIC NAME | |
| Geographic name | ISTANBUL |
| 690 ## - LOCAL SUBJECT ADDED ENTRY--TOPICAL TERM (OCLC, RLIN) | |
| Topical term or geographic name as entry element | PROPERTY-COMMERCIAL PROPERTY-RETAIL PROPERTY |
| 700 1# - ADDED ENTRY--PERSONAL NAME | |
| Personal name | Mutlu, Hasan |
| 700 1# - ADDED ENTRY--PERSONAL NAME | |
| Personal name | Dokmeci, Vedia |
| 942 ## - ADDED ENTRY ELEMENTS (KOHA) | |
| Suppress in OPAC | 0 |
| Withdrawn status | Lost status | Source of classification or shelving scheme | Damaged status | Not for loan | Home library | Current library | Shelving location | Date acquired | Total Checkouts | Full call number | Barcode | Date last seen | Copy number | Price effective from | Koha item type |
|---|---|---|---|---|---|---|---|---|---|---|---|---|---|---|---|
| Dewey Decimal Classification | London | London | Journal article | 12/12/2006 | L135822 | 135822-1001 | 06/08/2019 | 1 | 06/08/2019 | Journal article |